000 00823 a2200253 4500
999 _c11232
_d11232
020 _a0824772474
050 0 0 _aRG627
_bSCH 1985
100 1 _aSchardein, James L.
_eauthor
245 1 0 _aChemically induced birth defects /
_cJames L. Schardein.
264 _aNew York:
_bMarcel Dekker,
_c1985
300 _axiv, 879 pages
_billustrations
336 _2rdacontent
_atext
_btxt
337 _2rdamedia
_aunmediated
_bn
338 _2rdacarrier
_avolume
_bnc
504 _aIncludes bibliographies references and index.
650 0 _aFetus
_xEffect of drugs on.
650 0 _aFetus
_xEffect of chemicals on.
650 0 _aAbnormalities, Human
_xEtiology.
650 0 _aDrugs
_xToxicology.
650 0 _aToxicology.
650 0 _aTeratogenic agents.
650 2 _aAbnormalities, Drug-Induced.
942 _2lcc
_cBK
_h627
_iSCH
_kRG